000 00360nam a22001457a 4500
999 _c197458
_d197458
008 230823b ||||| |||| 00| 0 eng d
082 _aS-GUP
100 _aGupta, Tapas
245 _a22 Short Stories
_hEnglish
260 _aDelhi
_bA.I.C.B.
_cRohini
270 _aA.I.C.B. Rohini, Delhi
300 _a12x13
490 _v1-2
942 _2ddc
_cBRLEN
_kS
_mGUP